Соли Кулундинской цепи в плане Урало-Кузнецкого Комбината; Вестник Западно-Сибирского геологоразведочного управления; № 2

Detalles Bibliográficos
Parent link:Вестник Западно-Сибирского геологоразведочного управления/ Западно-Сибирское районное геологоразведочное управление.— , 1931
№ 2.— 1931.— С. 19-25.
Autor Principal: Кучин М. И. Михаил Иванович
Idioma:ruso
Publicado: 1931
Subjects:
Formato: MixedMaterials Capítulo de libro
KOHA link:https://koha.lib.tpu.ru/cgi-bin/koha/opac-detail.pl?biblionumber=293059

MARC

LEADER 00000naa2a2200000 4500
001 293059
005 20260120091119.0
035 |a (RuTPU)RU\TPU\book\317898 
035 |a RU\TPU\tpu\2416 
090 |a 293059 
100 |a 20150428d1931 k y0rusy50 ca 
101 0 |a rus 
102 |a RU 
200 1 |a Соли Кулундинской цепи в плане Урало-Кузнецкого Комбината  |f М. И. Кучин 
461 1 |0 (RuTPU)RU\TPU\book\68361  |t Вестник Западно-Сибирского геологоразведочного управления  |f Западно-Сибирское районное геологоразведочное управление  |d 1931 
463 1 |0 (RuTPU)RU\TPU\book\77400  |t № 2  |f отв. ред. И. А. Фишман  |v С. 19-25.  |d 1931 
610 1 |a геолого-географические науки 
610 1 |a труды учёных ТПУ 
700 1 |a Кучин  |b М. И.  |c российский гидрогеолог  |c профессор, доктор геолого-минералогических наук  |f 1887-1963  |g Михаил Иванович  |3 (RuTPU)RU\TPU\pers\13883 
801 0 |a RU  |b 63413507  |c 20011210  |g PSBO 
801 2 |a RU  |b 63413507  |c 20150428  |g PSBO 
942 |c BK